000 00640nam a2200217 i 4500
001 74874
003 ES-MaACL
005 20230906172255.0
007 t|
008 040921s1986 sp ||||1| spa d
020 _a84-322-4577-1
100 1 _aGordon, Lyndall.
_959160
245 1 0 _aVirginia Woolf
_b: vida de una escritora /
_cLyndall Gordon ; traducción del inglés por Jaime Zulaika.
250 _a1ª ed.
260 _aBarcelona :
_bSeix Barral,
_c1986.
300 _a382 p., 4 lám. ;
_c20 cm.
500 _aIndice.
504 _aBibliografía.
700 1 _aZulaika, Jaime.
_9118447
852 _aES-MaACL
_jL-10993
_bR.112606
999 _c74874
_d74874